The Twice Born Fiction (Record no. 13987)
[ view plain ]
| 000 -LEADER | |
|---|---|
| fixed length control field | 003550000a22001570004500 |
| 001 - CONTROL NUMBER | |
| control field | 002071 |
| 003 - CONTROL NUMBER IDENTIFIER | |
| control field | MACL |
| 040 ## - CATALOGING SOURCE | |
| Original cataloging agency | MACL |
| 090 ## - LOCALLY ASSIGNED LC-TYPE CALL NUMBER (OCLC); LOCAL CALL NUMBER (RLIN) | |
| -- | 14064 |
| -- | 14063 |
| 100 ## - MAIN ENTRY--PERSONAL NAME | |
| Personal name | Mukherjri, Meenakshi |
| 245 ## - TITLE STATEMENT | |
| Title | The Twice Born Fiction |
| Statement of responsibility, etc. | Meenakshi Mukherjri |
| 260 ## - PUBLICATION, DISTRIBUTION, ETC. (IMPRINT) | |
| Place of publication, distribution, etc. | Pencraft International, |
| Date of publication, distribution, etc. | 2001 |
| 350 ## - PRICE (NR) (BK AM CF MU VM SE) [OBSOLETE] | |
| Price | 350 |
| 650 ## - SUBJECT ADDED ENTRY--TOPICAL TERM | |
| Topical term or geographic name as entry element | Fiction |
| 942 ## - ADDED ENTRY ELEMENTS (KOHA) | |
| Call number prefix | 823 |
| Koha item type | Library Membar |
| Withdrawn status | Lost status | Damaged status | Not for loan | Home library | Current library | Date acquired | Total Checkouts | Full call number | Barcode | Date last seen | Uniform Resource Identifier | Price effective from | Koha item type |
|---|---|---|---|---|---|---|---|---|---|---|---|---|---|
| MACL | MACL | 15/04/2015 | 823 Book | CRE15310 | 29/04/2015 | 13866 | 15/04/2015 | Books |









